Equatorial subdivisions - Statistics

General Stats
  • This quiz has been taken 3 times
  • The average score is 26 of 60
Answer Stats
Hint Answer % Correct
Brazil Amapá
100%
Colombia Amazonas
100%
Brazil Amazonas
100%
Indonesia Central Kalimantan
100%
Indonesia East Kalimantan
100%
Democratic Republic of the Congo Équateur
100%
Brazil Pará
100%
Indonesia West Kalimantan
100%
Kenya Garissa
67%
Kenya Nakuru
67%
Indonesia Riau
67%
Indonesia Riau Islands
67%
Brazil Roraima
67%
Indonesia West Sumatra
67%
Kenya Baringo
33%
Uganda Bukomansimbi
33%
Kenya Busia
33%
Uganda Buvuma
33%
Colombia Caquetá
33%
São Tomé and Príncipe Caué
33%
Republic of the Congo Cuvette
33%
Republic of the Congo Cuvette-Ouest
33%
Ecuador Esmeraldas
33%
Gabon Estuaire
33%
Ecuador Galápagos Islands
33%
Gabon Haut-Ogooué
33%
Kenya Isiolo
33%
Somalia Jubaland
33%
Uganda Kalungu
33%
Uganda Kasese
33%
Kenya Kericho
33%
Kenya Kisumu
33%
Uganda Kitagwenda
33%
Kenya Laikipia
33%
Ecuador Manabí
33%
Uganda Mayuge
33%
Kenya Meru
33%
Gabon Moyen-Ogooué
33%
Uganda Mpigi
33%
Uganda Mukono
33%
Uganda Namayingo
33%
Kenya Nandi
33%
Ecuador Napo
33%
Democratic Republic of the Congo North Kivu
33%
Indonesia North Sumatra
33%
Kenya Nyandarua
33%
Gabon Ogooué-Ivindo
33%
Gabon Ogooué-Lolo
33%
Ecuador Pichincha
33%
Colombia Putumayo
33%
Uganda Sembabule
33%
Ecuador Sucumbíos
33%
Democratic Republic of the Congo Tshopo
33%
Democratic Republic of the Congo Tshuapa
33%
Colombia Vaupés
33%
Kenya Vihiga
33%
Uganda Wakiso
33%
Uganda Ibanda
0%
Ecuador Santo Domingo de los Tsáchilas
0%
Kenya Tharaka-Nithi
0%
No matching quizzes found
Score Distribution
Percent of People with Each Score
Percentile by Number Answered
Your Score History
You have not taken this quiz